VIII simposio internacional de historia de los llanos (Registro nro. 4172)

Detalles MARC
000 -CABECERA
Campo de control 01046nam a2200253 a 4500
005 - FECHA Y HORA DE LA ULTIMA TRANSACCION
Campo de control 20160212185838.0
008 - ELEMENTOS DE LONGITUD FIJA—INFORMACION GENERAL
Campo de control 140314t2004 ck a gr|||| 00| 0 spa d
040 ## - FUENTE DE CATALOGACIÓN
Agencia catalogadora original CO-BoIAVH
Agencia transcriptora CO-BoIAVH
041 ## - IDIOMA
Código de idioma para texto/pista de sonido o título separado Español
044 ## - PAÍS DE PUBLICACIÓN
País de publicación Colombia
082 04 - NUMERO DE CLASIFICACION DECIMAL DEWEY
Número de clasificación 986.19
Número del ítem S61s
111 2# - ASIENTO PRINCIPAL--NOMBRE DE REUNION
Nombre de reunión o de jurisdicción como elemento de entrada Simposio Internacional de Historia de los Llanos Colombo-Venezolanos, Memorias
Lugar de la reunión Villavicencio
Fecha de la reunión 26-30, 2003
Número de la parte/sección/reunión VIII
9 (RLIN) 59241
245 1# - MENCION DE TITULO
Título VIII simposio internacional de historia de los llanos
Parte restante del título Colombo-Venezolanos villavicencio, Junio 26 al 30 de 2003 memorias - Los llanos : una historia sin fronteras "los últimos 25 años del siglo XX"
260 ## - PUBLICACION, DISTRIBUCION, ETC. (PIE DE IMPRENTA)
Lugar de publicación, distribución, etc. Villavicencio
Nombre del editor, distribuidor, etc. Academia de Historia del Meta
-- CAB
-- Universidad de los Llanos
-- CORCUMVI
Fecha de publicación, distribución, etc. 2004
300 ## - DESCRIPCION FISICA
Extensión 369 paginas. :
Otros detalles físicos ilustraciones. ;
Dimensiones 24 x 16 cm.
650 #4 - ASIENTO SECUNDARIO DE MATERIA - TERMINO TEMATICO
Término temático o nombre geográfico como elemento de entrada Historia
9 (RLIN) 59242
650 #4 - ASIENTO SECUNDARIO DE MATERIA - TERMINO TEMATICO
Término temático o nombre geográfico como elemento de entrada Poblamiento
9 (RLIN) 16307
650 #4 - ASIENTO SECUNDARIO DE MATERIA - TERMINO TEMATICO
Término temático o nombre geográfico como elemento de entrada Migraciones
9 (RLIN) 16308
650 #4 - ASIENTO SECUNDARIO DE MATERIA - TERMINO TEMATICO
Término temático o nombre geográfico como elemento de entrada Aspectos socioeconómicos
9 (RLIN) 59243
650 #4 - ASIENTO SECUNDARIO DE MATERIA - TERMINO TEMATICO
Término temático o nombre geográfico como elemento de entrada Cultura llanera
9 (RLIN) 21582
662 ## - ASIENTO SECUNDARIO DE MATERIA - JERARQUIA DEL NOMBRE DE LUGAR(
País o entidad mayor Colombia
Jurisdicción política intermedia Orinoquia
942 ## - ELEMENTOS ADICIONALES (KOHA)
Tipo de ítem Libro
Sistema de clasificación Dewey Decimal Classification
945 ## - PROCESAMIENTO LOCAL
AAAA-MM-DD - Fecha de ingreso o modificacion 2004-10-06
Existencias
Withdrawn status Lost status Sistema de Clasificación Damaged status No para préstamo Colección Inventariado Ubicación Permanente Ubicación actual Fecha de adquisición Fuente de Valor Total Checkouts Número topográfico Inventario / Código de Barras Date last seen Ejemplar Price effective from Forma de adquisición Tipo de material
    Dewey Decimal Classification     General Inventariado 2017 Bogotá Bogotá 06/10/2004 Cavelier, Inés   LB-986.19 S61s 016762 04/12/2012 Ej. 1 04/12/2012   Libro